000 00925cab a2200313 4500
001 ABS59056
008 090401t1998 xxu||||| |||| 00| 0 eng d
035 _a(Sirsi) u87365
041 _aeng
100 _aBreheny, M.
245 _aProviding more housing in urban areas - what can be done?
260 _c1998
350 _a0
490 _aTown & Country Planning
_v67(4) May 1998, 138-140(3)
520 _aDiscusses the TCPAs Urban Housing Capacity and the Sustainable City project and comments on its final report "Urban Housing Capacity: What Can Be Done?"
650 _aBROWNFIELD LAND
650 _aDESIGN
650 _aFUNDING
650 _aHOUSE BUILDERS
650 _aHOUSING CAPACITY
650 _aHOUSING DEVELOPMENT
650 _aJOBS
650 _aPUBLIC TRANSPORT
650 _aURBAN AREAS
690 _aHOUSING-DEVELOPMENT
700 _aRoss, A.
942 _n0
948 _c13/07/1998
999 _c55098
_d55098